History of English literature : (Record no. 8522)

MARC details
000 -LEADER
fixed length control field 00587cam a2200205ua 4500
001 - CONTROL NUMBER
control field 9483
005 - DATE AND TIME OF LATEST TRANSACTION
control field 20260515114454.0
008 - FIXED-LENGTH DATA ELEMENTS--GENERAL INFORMATION
fixed length control field 151008n ii |||gr||||Z||||||eng
040 ## - CATALOGING SOURCE
Transcribing agency MAIN
041 ## - LANGUAGE CODE
Language code of text/sound track or separate title eng
082 ## - DEWEY DECIMAL CLASSIFICATION NUMBER
Classification number 820
100 ## - MAIN ENTRY--PERSONAL NAME
Personal name Singh, T.,
Relator term Author.
245 1# - TITLE STATEMENT
Title History of English literature :
Remainder of title from Chaucer to the present day(complete in one volume) /
Statement of responsibility, etc. by T. Singh .
250 ## - EDITION STATEMENT
Edition statement 1oth ed.
260 ## - PUBLICATION, DISTRIBUTION, ETC.
Place of publication, distribution, etc. Bareilly:
Name of publisher, distributor, etc. Students store,
Date of publication, distribution, etc. 1994-95.
300 ## - PHYSICAL DESCRIPTION
Extent 655p.
653 ## - INDEX TERM--UNCONTROLLED
Uncontrolled term English.& Old English literatures
653 ## - INDEX TERM--UNCONTROLLED
Uncontrolled term History of english literature
942 ## - ADDED ENTRY ELEMENTS (KOHA)
Koha item type Books
Holdings
Withdrawn status Lost status Damaged status Not for loan Home library Current library Shelving location Date acquired Total checkouts Full call number Barcode Date last seen Copy number Price effective from Koha item type
        Naharkatiya College Library Naharkatiya College Library General stacks 09/19/2020   820 | SIN 4942 09/19/2020 1 09/19/2020 Books